| 000 | 00770nam a22001815i 4500 | ||
|---|---|---|---|
| 001 | 164479 | ||
| 003 | ES-MaACL | ||
| 005 | 20251015063145.0 | ||
| 008 | 990709s1802 sp |||| | spa d | ||
| 040 |
_aCYL _bspa _cCYL |
||
| 100 | 1 | 0 |
_aSalvá, Francisco, _d1751-1828 _9132347 |
| 245 | 1 | 0 |
_aExposicion de la enseñanza de medicina clinica en el Real estudio erigido por S.M. / _cbajo la direccion de la Real Academia Medico-Practica de Barcelona año 1801 por Francisco Salvá. |
| 260 |
_aBarcelona : _bHeredero de Mateo Barceló, _c1802 ( _fImpresor Plaza de Junqueras) |
||
| 300 |
_a[16], 195 p. ; _c21 cm. |
||
| 650 | 7 |
_aMedicina clínica _2embne _914921 |
|
| 852 |
_aES-MaACL _jR-3099(1) _z-- Enc. hol. _d-- _x Olim: G-9619 |
||
| 999 |
_c164479 _d164479 |
||